| 000 | 00694nam a2200265Ia 4500 | ||
|---|---|---|---|
| 003 | OSt | ||
| 005 | 20221006151504.0 | ||
| 006 | a|||||r|||| 00| 0 | ||
| 007 | ta | ||
| 008 | 221006b |||||||| |||| 00| 0 jpn d | ||
| 020 | _c¥150 | ||
| 024 | _a22,303 | ||
| 037 |
_bGift, Japan Foundation _cTextual |
||
| 040 |
_aEASL _cEASL _bjpn |
||
| 041 |
_2jpn _ajpn |
||
| 082 | _aV0bR, K5 | ||
| 100 | _aCARR E H | ||
| 245 | 0 | _aRekishi to wa nanika | |
| 260 |
_aTokyo _bIwanami Shoten Japan _c1965 |
||
| 300 |
_a252p. _ccm. |
||
| 490 |
_v JL _aIwanami Shinsho 447 |
||
| 650 | _aJL | ||
| 942 |
_hV0bR, K5 _cTEXL _2CC |
||
| 999 |
_c1090389 _d1090389 |
||